Mraky nad červeným slnkom

Základné geografické údaje o Japonsku. Špecifické črty ekonomiky Japonska. Prognózy vývoja japonskej ekonomiky.

Saved in:
Bibliographic Details
Main Author: Václavová, Želmíra
Other Authors: Rejta, Štefan
Format: Book Chapter
Language:Slovak
Subjects:
Tags: Add Tag
No Tags, Be the first to tag this record!

MARC

LEADER 00000naa a2200000 4500
001 r043569
005 20230920073534.5
041 0 |a slo 
044 |a SK 
245 1 0 |a Mraky nad červeným slnkom  |c Želmíra Václavová, Štefan Rejta 
520 |a Základné geografické údaje o Japonsku. Špecifické črty ekonomiky Japonska. Prognózy vývoja japonskej ekonomiky. 
610 2 0 |a vývoj hospodársky 
610 2 0 |a úpadok hospodársky 
610 2 0 |a Japonsko 
610 2 0 |a ukazovatele ekonomické 
610 2 0 |a stimuly ekonomické 
610 2 0 |a prognózy hospodárske 
100 1 |a Václavová, Želmíra 
700 1 |a Rejta, Štefan